Barniya Ki Bharat Yatra (Publication Scheme) (Record no. 1481)

MARC details
000 -LEADER
fixed length control field 00370nam a2200145Ia 4500
008 - FIXED-LENGTH DATA ELEMENTS--GENERAL INFORMATION
fixed length control field 230405s9999 xx 000 0 und d
020 ## - INTERNATIONAL STANDARD BOOK NUMBER
International Standard Book Number 8185263922
082 ## - DEWEY DECIMAL CLASSIFICATION NUMBER
Classification number 915.4
Item number GUPB
100 ## - MAIN ENTRY--PERSONAL NAME
Personal name Babu Gangaprasad Gupt
245 #0 - TITLE STATEMENT
Title Barniya Ki Bharat Yatra (Publication Scheme)
260 ## - PUBLICATION, DISTRIBUTION, ETC.
Place of publication, distribution, etc. Jaipur
Name of publisher, distributor, etc. Publication scheme
300 ## - PHYSICAL DESCRIPTION
Extent 297
650 ## - SUBJECT ADDED ENTRY--TOPICAL TERM
Topical term or geographic name entry element Geography
942 ## - ADDED ENTRY ELEMENTS (KOHA)
Koha item type Book
Holdings
Withdrawn status Lost status Source of classification or shelving scheme Damaged status Not for loan Collection code Home library Current library Shelving location Date acquired Cost, normal purchase price Total Checkouts Full call number Barcode Date last seen Date last checked out Price effective from Koha item type Public note
    Dewey Decimal Classification     Non-fiction RIC Library RIC Library General Stacks 04/05/2023 297.00 3 915.4 GUPB 000881 04/07/2026 03/23/2026 04/05/2023 Book R-16.2

Venue

Rajasthan International Centre
Sansthan Path,JLN Marg, Jaipur- 302017
Phone: +91-7230904025